[Event "DVM U12 2021-22"]
[Site "Naumburg"]
[Date "2022.03.26"]
[Round "3"]
[White "Stettner, Oskar"]
[Black "Moldovan, Tudor"]
[Result "1-0"]
[WhiteElo "1446"]
[BlackElo "1219"]
[Annotator "NA"]
[PlyCount "127"]
[EventDate "2022.03.25"]
[EventType "team-tourn"]
[EventRounds "7"]
[EventCountry "GER"]
[SourceTitle "playchess.com"]
[Source "ChessBase"]
[SourceQuality "1"]
[TimeControl "40/5400+30:1800+30"]

1. e4 {[%emt 0:00:01]} g6 {[%emt 0:00:11]} 2. d4 {[%emt 0:01:11]} Bg7 {[%emt 0:00:24]} 3. Nf3 {[%emt 0:00:26]} a6 {[%emt 0:00:31]} 4. a4 {[%emt 0:01:28]} b6 {[%emt 0:00:25]} 5. Nc3 {[%emt 0:00:31]} Bb7 {[%emt 0:01:13]} 6. Bd3 {[%emt 0:06:38]} d6 {[%emt 0:01:50]} 7. O-O {[%emt 0:01:59]} Nd7 {[%emt 0:01:26]} 8. Be3 {[%emt 0:01:27]} Ngf6 {[%emt 0:01:11]} 9. h3 {[%emt 0:00:54]} O-O {[%emt 0:01:02]} 10. Qd2 {[%emt 0:00:35]} e5 {[%emt 0:02:11]} 11. dxe5 {[%emt 0:03:09]} Nxe5 {[%emt 0:02:15]} 12. Nxe5 {[%emt 0:00:16]} dxe5 {[%emt 0:00:22]} 13. Bh6 {[%emt 0:02:28]} Qe7 {[%emt 0:02:23]} 14. Bxg7 {[%emt 0:01:41]} Kxg7 {[%emt 0:00:33]} 15. Rad1 {[%emt 0:02:40]} Rad8 {[%emt 0:01:36]} 16. Qe2 {[%emt 0:00:22]} a5 {[%emt 0:02:22]} 17. Rfe1 {[%emt 0:04:26]} Nh5 {[%emt 0:06:07]} 18. g3 {[%emt 0:10:29]} Qe6 {[%emt 0:07:00]} 19. h4 {[%emt 0:00:51]} Qc6 {[%emt 0:04:17]} 20. Bb5 {[%emt 0:04:37]} Qc5 {[%emt 0:05:15]} 21. Qc4 {[%emt 0:02:27]} Qxc4 {[%emt 0:13:35]} 22. Bxc4 {[%emt 0:00:08]} Nf6 {[%emt 0:01:38]} 23. f3 {[%emt 0:03:58]} Nh5 {[%emt 0:07:24]} 24. Kf2 {[%emt 0:03:46]} c6 {[%emt 0:02:02]} 25. Rxd8 {[%emt 0:03:08]} Rxd8 {[%emt 0:00:55]} 26. Rd1 {[%emt 0:00:08]} Rxd1 {[%emt 0:00:45]} 27. Nxd1 {[%emt 0:00:25]} f5 {[%emt 0:01:10]} 28. exf5 {[%emt 0:04:54]} gxf5 {[%emt 0:00:47]} 29. Ne3 {[%emt 0:00:48]} f4 {[%emt 0:05:32]} 30. Nf5+ {[%emt 0:01:00]} Kf6 {[%emt 0:02:01]} 31. g4 {[%emt 0:00:22]} b5 {[%emt 0:06:39]} 32. axb5 {[%emt 0:05:53]} cxb5 {[%emt 0:00:23]} 33. Bxb5 {[%emt 0:00:16]} Ba8 {[%emt 0:02:55]} 34. Bd3 {[%emt 0:01:08]} Ng7 {[%emt 0:00:44]} 35. Nd6 {[%emt 0:04:59]} h6 {[%emt 0:01:54]} 36. Be4 {[%emt 0:01:18]} Bxe4 {[%emt 0:00:34]} 37. Nxe4+ {[%emt 0:00:05]} Ke6 {[%emt 0:00:36]} 38. c4 {[%emt 0:00:57]} Ne8 {[%emt 0:00:19]} 39. Nc5+ {[%emt 0:01:03]} Kd6 {[%emt 0:00:19]} 40. Nb7+ {[%emt 0:00:09]} Kc6 {[%emt 0:00:18]} 41. Nxa5+ {[%emt 0:30:17]} Kc5 {[%emt 0:30:09]} 42. b3 {[%emt 0:01:16]} Nd6 {[%emt 0:01:11]} 43. g5 {[%emt 0:00:26]} hxg5 {[%emt 0:00:44]} 44. hxg5 {[%emt 0:00:08]} Nf5 {[%emt 0:00:48]} 45. g6 {[%emt 0:01:33]} Kb6 {[%emt 0:00:43]} 46. b4 {[%emt 0:01:23]} Ng7 {[%emt 0:00:34]} 47. c5+ {[%emt 0:00:52]} Kb5 {[%emt 0:00:31]} 48. c6 Kb6 49. b5 {[%emt 0:03:00]} Ne6 {[%emt 0:01:48]} 50. Nc4+ {[%emt 0:00:56]} Kc7 {[%emt 0:00:21]} 51. Nxe5 {[%emt 0:00:56]} Kb6 {[%emt 0:00:32]} 52. Nd3 {[%emt 0:00:38]} Ng7 {[%emt 0:01:13]} 53. Nxf4 {[%emt 0:00:20]} Kc7 {[%emt 0:00:18]} 54. Nd5+ {[%emt 0:00:17]} Kc8 {[%emt 0:01:09]} 55. b6 {[%emt 0:00:29]} Kb8 {[%emt 0:00:17]} 56. c7+ {[%emt 0:00:13]} Kb7 {[%emt 0:00:33]} 57. Ne7 {[%emt 0:00:12]} Kxb6 {[%emt 0:00:08]} 58. c8=Q {[%emt 0:00:12]} Ne6 {[%emt 0:00:35]} 59. Qxe6+ {[%emt 0:00:15]} Kc5 {[%emt 0:00:14]} 60. Qd5+ {[%emt 0:00:10]} Kb6 {[%emt 0:00:22]} 61. Qc6+ {[%emt 0:00:15]} Ka7 {[%emt 0:00:30]} 62. Nd5 {[%emt 0:00:26]} Kb8 {[%emt 0:00:48]} 63. Qc7+ {[%emt 0:00:05]} Ka8 {[%emt 0:00:03]} 64. Nb6# 1-0

[Event "DVM U12 2021-22"]
[Site "Naumburg"]
[Date "2022.03.26"]
[Round "3"]
[White "Middendorf, Sven-Jonas"]
[Black "Rudolph, Konrad"]
[Result "1-0"]
[WhiteElo "1424"]
[BlackElo "1321"]
[Annotator "NA"]
[PlyCount "49"]
[EventDate "2022.03.25"]
[EventType "team-tourn"]
[EventRounds "7"]
[EventCountry "GER"]
[SourceTitle "playchess.com"]
[Source "ChessBase"]
[SourceQuality "1"]
[TimeControl "40/5400+30:1800+30"]

1. e4 {[%emt 0:00:03]} Nf6 {[%emt 0:00:05]} 2. e5 {[%emt 0:00:07]} Nd5 {[%emt 0:00:10]} 3. d4 {[%emt 0:00:05]} d6 {[%emt 0:00:22]} 4. Nf3 {[%emt 0:00:14]} g6 {[%emt 0:00:57]} 5. Bc4 {[%emt 0:00:25]} Nb6 {[%emt 0:01:00]} 6. Bb3 {[%emt 0:00:12]} Bg7 {[%emt 0:00:38]} 7. Ng5 {[%emt 0:06:42]} O-O {[%emt 0:01:09]} 8. e6 {[%emt 0:00:47]} f6 {[%emt 0:08:19]} 9. Nf7 {[%emt 0:03:16]} Qe8 {[%emt 0:00:58]} 10. d5 {[%emt 0:01:09]} a5 {[%emt 0:02:28]} 11. a4 {[%emt 0:02:06]} c6 {[%emt 0:02:09]} 12. c4 {[%emt 0:00:36]} f5 {[%emt 0:02:50]} 13. Be3 {[%emt 0:01:04]} Ra6 {[%emt 0:00:59]} 14. Bd4 {[%emt 0:00:27]} Bf6 {[%emt 0:02:50]} 15. Qd2 {[%emt 0:09:16]} Kg7 {[%emt 0:07:19]} 16. Qh6+ {[%emt 0:02:09]} Kg8 {[%emt 0:02:12]} 17. Ng5 {[%emt 0:00:26]} Rf7 {[%emt 0:06:24]} 18. exf7+ {[%emt 0:00:32]} Qxf7 {[%emt 0:01:10]} 19. Nxf7 {[%emt 0:00:11]} Bxd4 20. Ng5 {[%emt 0:00:22]} Bg7 {[%emt 0:05:06]} 21. Qxh7+ {[%emt 0:00:32]} Kf8 {[%emt 0:00:59]} 22. Qxg6 {[%emt 0:00:25]} Kg8 {[%emt 0:01:38]} 23. Qe8+ {[%emt 0:00:04]} Bf8 {[%emt 0:00:49]} 24. Qf7+ {[%emt 0:00:04]} Kh8 {[%emt 0:01:20]} 25. Qxf8# {[%emt 0:00:04]} 1-0

[Event "DVM U12 2021-22"]
[Site "Naumburg"]
[Date "2022.03.26"]
[Round "3"]
[White "Ruddat, Jarne"]
[Black "Teng, David"]
[Result "1-0"]
[WhiteElo "1419"]
[BlackElo "1334"]
[Annotator "NA"]
[PlyCount "81"]
[EventDate "2022.03.25"]
[EventType "team-tourn"]
[EventRounds "7"]
[EventCountry "GER"]
[SourceTitle "playchess.com"]
[Source "ChessBase"]
[SourceQuality "1"]
[TimeControl "40/5400+30:1800+30"]

1. e4 {[%emt 0:00:03]} c5 {[%emt 0:00:11]} 2. Nc3 {[%emt 0:00:04]} e6 {[%emt 0:00:48]} 3. Nge2 {[%emt 0:00:05]} a6 {[%emt 0:01:59]} 4. g3 {[%emt 0:00:04]} Nc6 {[%emt 0:01:24]} 5. Bg2 {[%emt 0:00:07]} Nf6 {[%emt 0:01:43]} 6. O-O {[%emt 0:00:24]} Be7 {[%emt 0:00:49]} 7. d3 {[%emt 0:01:43]} O-O {[%emt 0:01:51]} 8. Bf4 {[%emt 0:01:58]} d6 {[%emt 0:02:14]} 9. Kh1 {[%emt 0:13:41]} e5 {[%emt 0:03:13]} 10. Be3 {[%emt 0:04:08]} b5 {[%emt 0:02:27]} 11. f4 {[%emt 0:03:24]} Ng4 {[%emt 0:05:46]} 12. Bd2 {[%emt 0:01:46]} Nd4 {[%emt 0:08:11]} 13. Nxd4 {[%emt 0:01:36]} cxd4 {[%emt 0:02:20]} 14. Nd5 {[%emt 0:00:54]} Nf6 {[%emt 0:04:15]} 15. fxe5 {[%emt 0:01:04]} dxe5 {[%emt 0:01:54]} 16. Nxe7+ {[%emt 0:01:07]} Qxe7 {[%emt 0:00:27]} 17. Bg5 {[%emt 0:00:33]} Kh8 {[%emt 0:11:26]} 18. Qd2 {[%emt 0:02:33]} Qe6 {[%emt 0:07:20]} 19. Bxf6 {[%emt 0:00:49]} gxf6 {[%emt 0:02:26]} 20. Qh6 {[%emt 0:00:24]} Rg8 {[%emt 0:03:09]} 21. Rxf6 {[%emt 0:03:21]} Qe7 {[%emt 0:02:52]} 22. Raf1 {[%emt 0:01:12]} Be6 {[%emt 0:02:30]} 23. Bh3 {[%emt 0:01:06]} Rg6 {[%emt 0:02:57]} 24. Rxg6 {[%emt 0:00:48]} fxg6 {[%emt 0:00:21]} 25. Bxe6 {[%emt 0:02:22]} Qxe6 {[%emt 0:02:02]} 26. Rf8+ {[%emt 0:02:13]} Rxf8 {[%emt 0:00:10]} 27. Qxf8+ {[%emt 0:00:05]} Qg8 {[%emt 0:00:10]} 28. Qxg8+ {[%emt 0:00:32]} Kxg8 {[%emt 0:00:08]} 29. c3 {[%emt 0:00:13]} dxc3 {[%emt 0:01:15]} 30. bxc3 {[%emt 0:00:11]} a5 {[%emt 0:00:53]} 31. Kg2 {[%emt 0:00:16]} b4 {[%emt 0:02:56]} 32. cxb4 {[%emt 0:00:08]} axb4 {[%emt 0:00:06]} 33. Kf3 {[%emt 0:00:04]} Kf7 {[%emt 0:01:10]} 34. Ke3 {[%emt 0:00:13]} Ke6 {[%emt 0:02:54]} 35. d4 {[%emt 0:00:05]} exd4+ {[%emt 0:01:57]} 36. Kxd4 {[%emt 0:00:06]} Kd6 {[%emt 0:00:23]} 37. g4 {[%emt 0:00:47]} g5 {[%emt 0:00:50]} 38. h3 {[%emt 0:00:16]} h6 {[%emt 0:00:18]} 39. e5+ {[%emt 0:00:07]} Ke6 {[%emt 0:01:17]} 40. Ke4 {[%emt 0:00:22]} Ke7 {[%emt 0:01:53]} 41. Kf5 {[%emt 0:32:20]} 1-0

[Event "DVM U12 2021-22"]
[Site "Naumburg"]
[Date "2022.03.26"]
[Round "3"]
[White "Rudolph, Simon"]
[Black "Fadeev, Justin Michael"]
[Result "0-1"]
[WhiteElo "1403"]
[BlackElo "1327"]
[Annotator "NA"]
[PlyCount "72"]
[EventDate "2022.03.25"]
[EventType "team-tourn"]
[EventRounds "7"]
[EventCountry "GER"]
[SourceTitle "playchess.com"]
[Source "ChessBase"]
[SourceQuality "1"]
[TimeControl "40/5400+30:1800+30"]

1. e4 {[%emt 0:00:03]} c5 {[%emt 0:00:08]} 2. Nf3 {[%emt 0:00:04]} Nc6 {[%emt 0:00:13]} 3. d4 {[%emt 0:00:08]} cxd4 {[%emt 0:00:22]} 4. Nxd4 {[%emt 0:00:07]} Nf6 {[%emt 0:00:18]} 5. Nc3 {[%emt 0:00:18]} g6 {[%emt 0:00:18]} 6. Be3 {[%emt 0:00:08]} Bg7 {[%emt 0:00:28]} 7. f3 {[%emt 0:00:18]} O-O {[%emt 0:00:36]} 8. Qd2 {[%emt 0:00:20]} d5 {[%emt 0:01:15]} 9. Bd3 {[%emt 0:01:59]} e5 {[%emt 0:24:39]} 10. Nxc6 {[%emt 0:01:14]} bxc6 {[%emt 0:00:06]} 11. Bf2 {[%emt 0:06:19]} d4 {[%emt 0:02:19]} 12. Ne2 {[%emt 0:00:48]} Be6 {[%emt 0:00:52]} 13. O-O {[%emt 0:02:16]} c5 {[%emt 0:02:26]} 14. c3 {[%emt 0:00:48]} Qd7 15. cxd4 {[%emt 0:02:54]} cxd4 {[%emt 0:05:55]} 16. Ba6 {[%emt 0:00:55]} Qd6 {[%emt 0:03:31]} 17. Qd3 {[%emt 0:02:53]} Rab8 {[%emt 0:01:15]} 18. b3 {[%emt 0:00:45]} Nd7 {[%emt 0:01:54]} 19. Bc4 {[%emt 0:03:46]} Nc5 {[%emt 0:01:39]} 20. Qd2 {[%emt 0:01:59]} Bxc4 {[%emt 0:01:45]} 21. bxc4 {[%emt 0:00:23]} Qa6 {[%emt 0:03:37]} 22. Rfc1 {[%emt 0:02:45]} Rb7 {[%emt 0:01:55]} 23. f4 {[%emt 0:04:00]} Nxe4 {[%emt 0:01:22]} 24. Qd3 {[%emt 0:01:15]} Nxf2 {[%emt 0:00:58]} 25. Kxf2 {[%emt 0:00:42]} Qf6 {[%emt 0:02:26]} 26. g3 {[%emt 0:00:45]} exf4 {[%emt 0:02:31]} 27. Qe4 {[%emt 0:01:47]} fxg3+ {[%emt 0:01:06]} 28. Kxg3 {[%emt 0:00:49]} Qe5+ {[%emt 0:03:21]} 29. Kf3 {[%emt 0:01:02]} Qxe4+ {[%emt 0:01:42]} 30. Kxe4 {[%emt 0:00:23]} d3 {[%emt 0:01:25]} 31. Nc3 {[%emt 0:00:39]} d2 {[%emt 0:00:10]} 32. Rc2 {[%emt 0:00:15]} Re8+ {[%emt 0:00:18]} 33. Kf3 {[%emt 0:00:10]} Re1 {[%emt 0:00:10]} 34. Rd1 {[%emt 0:00:57]} Bxc3 {[%emt 0:00:32]} 35. Rxc3 {[%emt 0:01:36]} Rxd1 {[%emt 0:00:17]} 36. Ke2 {[%emt 0:00:13]} Rc1 {[%emt 0:00:09]} 0-1

[Event "DVM U12 2021-22"]
[Site "Naumburg"]
[Date "2022.03.26"]
[Round "3"]
[White "Lorenz, Veronika"]
[Black "Moldovan, Tatiana"]
[Result "1-0"]
[WhiteElo "1388"]
[BlackElo "1403"]
[Annotator "NA"]
[PlyCount "119"]
[EventDate "2022.03.25"]
[EventType "team-tourn"]
[EventRounds "7"]
[EventCountry "GER"]
[SourceTitle "playchess.com"]
[Source "ChessBase"]
[SourceQuality "1"]
[TimeControl "40/5400+30:1800+30"]

1. e4 {[%emt 0:00:05]} c5 {[%emt 0:00:06]} 2. Nf3 {[%emt 0:00:06]} a6 {[%emt 0:00:06]} 3. c3 {[%emt 0:00:13]} d5 {[%emt 0:00:06]} 4. e5 {[%emt 0:10:33]} d4 {[%emt 0:01:05]} 5. cxd4 {[%emt 0:00:32]} cxd4 {[%emt 0:00:07]} 6. Qa4+ {[%emt 0:01:37]} Nc6 {[%emt 0:00:08]} 7. Bb5 {[%emt 0:04:11]} Bd7 {[%emt 0:00:33]} 8. Bxc6 {[%emt 0:00:38]} Bxc6 {[%emt 0:00:09]} 9. Qxd4 {[%emt 0:00:19]} Bxf3 {[%emt 0:00:17]} 10. Qxd8+ {[%emt 0:00:09]} Rxd8 {[%emt 0:00:10]} 11. gxf3 {[%emt 0:00:09]} e6 {[%emt 0:00:48]} 12. O-O {[%emt 0:03:10]} h5 {[%emt 0:00:14]} 13. Rd1 {[%emt 0:04:15]} Bc5 {[%emt 0:01:48]} 14. Nc3 {[%emt 0:02:20]} Rd3 {[%emt 0:00:29]} 15. Ne4 {[%emt 0:04:34]} Bd4 {[%emt 0:00:38]} 16. f4 {[%emt 0:01:42]} f6 {[%emt 0:03:59]} 17. Nd6+ {[%emt 0:05:13]} Ke7 {[%emt 0:00:48]} 18. Nxb7 {[%emt 0:00:50]} Rh6 {[%emt 0:00:45]} 19. Rb1 {[%emt 0:13:10]} Rg6+ {[%emt 0:00:17]} 20. Kh1 {[%emt 0:02:04]} fxe5 {[%emt 0:00:47]} 21. fxe5 {[%emt 0:01:58]} Bxe5 {[%emt 0:00:13]} 22. Rg1 {[%emt 0:00:11]} Rxg1+ {[%emt 0:01:30]} 23. Kxg1 {[%emt 0:00:02]} Rh3 {[%emt 0:00:26]} 24. Nc5 {[%emt 0:08:36]} a5 {[%emt 0:01:53]} 25. d4 {[%emt 0:01:32]} Bxd4 {[%emt 0:01:05]} 26. Kg2 {[%emt 0:00:09]} Rxh2+ {[%emt 0:01:10]} 27. Kxh2 {[%emt 0:00:09]} Bxc5 {[%emt 0:00:05]} 28. Bg5+ {[%emt 0:01:50]} Nf6 {[%emt 0:01:37]} 29. f3 {[%emt 0:00:40]} Kf7 {[%emt 0:00:43]} 30. Rc1 {[%emt 0:01:15]} Bd6+ {[%emt 0:00:20]} 31. Kg2 {[%emt 0:00:18]} Nd5 {[%emt 0:00:21]} 32. Rc6 {[%emt 0:03:38]} Bc7 {[%emt 0:03:46]} 33. Bd2 {[%emt 0:01:15]} Bd8 {[%emt 0:15:40]} 34. Ra6 {[%emt 0:06:15]} g5 {[%emt 0:00:31]} 35. Bxa5 {[%emt 0:00:53]} Nf4+ {[%emt 0:00:59]} 36. Kf1 {[%emt 0:01:30]} Bf6 {[%emt 0:00:16]} 37. b3 {[%emt 0:03:09]} g4 {[%emt 0:00:15]} 38. Bd2 {[%emt 0:03:26]} e5 {[%emt 0:04:28]} 39. fxg4 {[%emt 0:00:53]} hxg4 {[%emt 0:00:03]} 40. a4 {[%emt 0:01:24]} Be7 {[%emt 0:05:02]} 41. Ra7 {[%emt 0:31:24]} Ke6 {[%emt 0:30:13]} 42. a5 {[%emt 0:02:34]} Bc5 {[%emt 0:01:44]} 43. Rg7 {[%emt 0:03:41]} Nd5 {[%emt 0:05:42]} 44. a6 {[%emt 0:03:55]} Ne7 {[%emt 0:00:06]} 45. Rxe7+ {[%emt 0:02:52]} Kxe7 {[%emt 0:00:36]} 46. Bb4 {[%emt 0:00:07]} Bxb4 {[%emt 0:01:36]} 47. a7 {[%emt 0:00:50]} Bc5 {[%emt 0:01:03]} 48. a8=Q {[%emt 0:00:12]} Bd4 {[%emt 0:00:06]} 49. Qg8 {[%emt 0:00:42]} Kd6 {[%emt 0:00:26]} 50. Qxg4 {[%emt 0:00:16]} Kc5 {[%emt 0:00:11]} 51. Qc8+ {[%emt 0:00:35]} Kb5 {[%emt 0:00:24]} 52. Qc4+ {[%emt 0:00:11]} Kb6 {[%emt 0:00:18]} 53. Ke2 {[%emt 0:00:12]} Bb2 {[%emt 0:01:40]} 54. b4 {[%emt 0:00:30]} Bd4 {[%emt 0:00:37]} 55. b5 {[%emt 0:00:24]} Bc5 {[%emt 0:00:44]} 56. Kd3 {[%emt 0:00:13]} Bd4 {[%emt 0:00:12]} 57. Qc6+ {[%emt 0:00:09]} Ka5 {[%emt 0:00:28]} 58. Kc4 {[%emt 0:00:15]} Bb6 {[%emt 0:00:33]} 59. Qa8+ {[%emt 0:00:12]} Ba7 {[%emt 0:00:12]} 60. Qxa7# 1-0

[Event "DVM U12 2021-22"]
[Site "Naumburg"]
[Date "2022.03.26"]
[Round "3"]
[White "Friedrich, Timofej"]
[Black "Wartenberg, Alissa"]
[Result "0-1"]
[WhiteElo "1377"]
[BlackElo "1670"]
[Annotator "NA"]
[PlyCount "130"]
[EventDate "2022.03.25"]
[EventType "team-tourn"]
[EventRounds "7"]
[EventCountry "GER"]
[SourceTitle "playchess.com"]
[Source "ChessBase"]
[SourceQuality "1"]
[TimeControl "40/5400+30:1800+30"]

1. e4 {[%emt 0:00:04]} e5 {[%emt 0:00:03]} 2. Nf3 {[%emt 0:00:06]} Nc6 {[%emt 0:00:03]} 3. Bc4 {[%emt 0:00:07]} Bc5 {[%emt 0:00:03]} 4. d3 {[%emt 0:00:10]} Nf6 {[%emt 0:00:16]} 5. Be3 {[%emt 0:00:12]} Bb6 {[%emt 0:00:18]} 6. c3 {[%emt 0:00:16]} d6 {[%emt 0:00:28]} 7. Nbd2 {[%emt 0:00:09]} h6 {[%emt 0:00:19]} 8. Nf1 {[%emt 0:01:04]} a6 {[%emt 0:00:25]} 9. Ng3 {[%emt 0:00:15]} Na5 {[%emt 0:01:19]} 10. Bb3 {[%emt 0:00:24]} Nxb3 {[%emt 0:00:22]} 11. axb3 {[%emt 0:00:07]} Qe7 {[%emt 0:00:35]} 12. Qe2 {[%emt 0:00:34]} Bd7 {[%emt 0:02:33]} 13. Rd1 {[%emt 0:01:44]} Bc6 {[%emt 0:00:31]} 14. Nf5 {[%emt 0:00:53]} Qf8 {[%emt 0:00:53]} 15. Bxb6 {[%emt 0:00:23]} cxb6 {[%emt 0:00:10]} 16. Qe3 {[%emt 0:00:29]} g6 {[%emt 0:01:06]} 17. Ng3 {[%emt 0:00:19]} b5 {[%emt 0:00:56]} 18. d4 {[%emt 0:01:11]} Qe7 {[%emt 0:03:47]} 19. d5 {[%emt 0:01:38]} Bd7 {[%emt 0:00:47]} 20. h3 {[%emt 0:00:21]} Qd8 {[%emt 0:01:46]} 21. Rc1 {[%emt 0:01:21]} Rc8 {[%emt 0:04:14]} 22. O-O {[%emt 0:02:35]} Nh5 {[%emt 0:03:48]} 23. Nh2 {[%emt 0:01:21]} Nf4 {[%emt 0:01:20]} 24. Ne2 {[%emt 0:02:48]} g5 {[%emt 0:05:31]} 25. Nxf4 {[%emt 0:00:24]} gxf4 {[%emt 0:00:08]} 26. Qf3 {[%emt 0:00:24]} h5 {[%emt 0:01:12]} 27. Kh1 {[%emt 0:05:45]} Qh4 {[%emt 0:01:25]} 28. g3 {[%emt 0:04:10]} Qxh3 {[%emt 0:03:03]} 29. gxf4 {[%emt 0:00:33]} Qxf3+ {[%emt 0:00:49]} 30. Nxf3 {[%emt 0:00:14]} exf4 {[%emt 0:00:14]} 31. Nh4 {[%emt 0:00:32]} Ke7 {[%emt 0:00:37]} 32. Rg1 {[%emt 0:01:14]} Rcg8 {[%emt 0:02:13]} 33. Ng2 {[%emt 0:05:11]} f3 {[%emt 0:01:30]} 34. Ne3 {[%emt 0:00:21]} h4 {[%emt 0:01:22]} 35. Rxg8 {[%emt 0:00:22]} Rxg8 {[%emt 0:00:08]} 36. Rg1 {[%emt 0:01:03]} Rxg1+ {[%emt 0:00:47]} 37. Kxg1 {[%emt 0:00:08]} Kf6 {[%emt 0:00:08]} 38. Nf1 {[%emt 0:00:40]} Ke5 {[%emt 0:00:38]} 39. Nd2 {[%emt 0:00:11]} Kf4 {[%emt 0:00:16]} 40. Kh2 {[%emt 0:00:25]} Bg4 {[%emt 0:00:34]} 41. b4 {[%emt 0:30:37]} f5 {[%emt 0:31:35]} 42. exf5 {[%emt 0:01:24]} Kxf5 {[%emt 0:01:06]} 43. c4 {[%emt 0:00:27]} Ke5 {[%emt 0:00:58]} 44. b3 {[%emt 0:00:42]} Kd4 {[%emt 0:00:09]} 45. cxb5 {[%emt 0:00:28]} Kc3 {[%emt 0:04:06]} 46. bxa6 {[%emt 0:01:47]} bxa6 {[%emt 0:00:22]} 47. Ne4+ {[%emt 0:00:09]} Kxb3 {[%emt 0:00:16]} 48. Nxd6 {[%emt 0:00:46]} Kxb4 {[%emt 0:00:06]} 49. Ne4 {[%emt 0:03:10]} Kb5 {[%emt 0:01:40]} 50. d6 {[%emt 0:01:45]} Kc6 {[%emt 0:00:05]} 51. Kg1 {[%emt 0:11:24]} a5 {[%emt 0:00:19]} 52. Nd2 {[%emt 0:01:50]} a4 {[%emt 0:04:04]} 53. Nc4 {[%emt 0:00:57]} Kb7 {[%emt 0:00:38]} 54. Na5+ {[%emt 0:01:07]} Kc8 {[%emt 0:00:21]} 55. Nc4 {[%emt 0:00:24]} Kd8 {[%emt 0:00:55]} 56. Kh2 {[%emt 0:03:09]} Be6 {[%emt 0:00:23]} 57. Na3 {[%emt 0:00:14]} Kd7 {[%emt 0:00:37]} 58. Nb5 {[%emt 0:01:34]} Kc6 {[%emt 0:00:53]} 59. Nd4+ {[%emt 0:02:30]} Kxd6 {[%emt 0:00:55]} 60. Nxf3 {[%emt 0:00:24]} a3 {[%emt 0:00:34]} 61. Nd4 {[%emt 0:01:20]} a2 {[%emt 0:00:23]} 62. Nc2 {[%emt 0:00:09]} Bf5 {[%emt 0:00:26]} 63. Na1 {[%emt 0:00:31]} Kd5 {[%emt 0:00:12]} 64. Nb3 {[%emt 0:01:53]} Kc4 {[%emt 0:00:11]} 65. Na5+ Kc3 0-1

[Event "DVM U12 2021-22"]
[Site "Naumburg"]
[Date "2022.03.26"]
[Round "3"]
[White "Schimann, Kirill"]
[Black "Dorendorf, Mika"]
[Result "0-1"]
[WhiteElo "1344"]
[BlackElo "1550"]
[Annotator "NA"]
[PlyCount "80"]
[EventDate "2022.03.25"]
[EventType "team-tourn"]
[EventRounds "7"]
[EventCountry "GER"]
[SourceTitle "playchess.com"]
[Source "ChessBase"]
[SourceQuality "1"]
[TimeControl "40/5400+30:1800+30"]

1. d4 {[%emt 0:00:02]} Nf6 {[%emt 0:00:05]} 2. Bf4 {[%emt 0:00:07]} d5 {[%emt 0:00:05]} 3. e3 {[%emt 0:00:08]} c5 {[%emt 0:00:04]} 4. c3 {[%emt 0:00:12]} Nc6 {[%emt 0:00:04]} 5. Bd3 {[%emt 0:00:18]} Qb6 {[%emt 0:00:22]} 6. Qc2 {[%emt 0:00:58]} c4 {[%emt 0:00:10]} 7. Be2 {[%emt 0:00:11]} Bf5 {[%emt 0:00:16]} 8. Qc1 {[%emt 0:01:47]} e6 {[%emt 0:01:32]} 9. Nd2 {[%emt 0:01:25]} Be7 {[%emt 0:01:14]} 10. Ngf3 {[%emt 0:00:50]} O-O {[%emt 0:00:11]} 11. Nh4 {[%emt 0:00:32]} Bg6 {[%emt 0:02:19]} 12. Nxg6 {[%emt 0:00:31]} hxg6 {[%emt 0:00:23]} 13. h3 {[%emt 0:02:29]} Qa5 {[%emt 0:01:49]} 14. O-O b5 15. a3 {[%emt 0:02:29]} Qb6 {[%emt 0:07:24]} 16. Nf3 {[%emt 0:03:15]} a5 {[%emt 0:01:12]} 17. Ne5 {[%emt 0:04:26]} Nxe5 {[%emt 0:00:23]} 18. Bxe5 {[%emt 0:00:37]} Nd7 {[%emt 0:00:07]} 19. Bh2 {[%emt 0:00:30]} b4 {[%emt 0:00:19]} 20. axb4 {[%emt 0:02:18]} axb4 {[%emt 0:01:51]} 21. Qd2 {[%emt 0:01:08]} b3 {[%emt 0:01:18]} 22. Bf3 {[%emt 0:01:53]} Ra2 {[%emt 0:02:06]} 23. Rab1 {[%emt 0:01:29]} Rfa8 {[%emt 0:01:37]} 24. e4 {[%emt 0:02:06]} Nf6 {[%emt 0:02:19]} 25. exd5 {[%emt 0:01:22]} Nxd5 {[%emt 0:00:56]} 26. Bxd5 {[%emt 0:01:27]} exd5 {[%emt 0:00:11]} 27. Rfe1 {[%emt 0:00:45]} Qd8 {[%emt 0:01:55]} 28. Red1 {[%emt 0:01:43]} R8a7 {[%emt 0:01:08]} 29. Qe1 {[%emt 0:01:48]} Qa8 {[%emt 0:01:50]} 30. g4 {[%emt 0:02:21]} Bh4 {[%emt 0:04:22]} 31. Kg2 {[%emt 0:02:30]} Re7 {[%emt 0:01:19]} 32. Qd2 {[%emt 0:01:34]} Rea7 {[%emt 0:04:08]} 33. Qe1 {[%emt 0:00:17]} Kh7 {[%emt 0:02:36]} 34. Bg3 {[%emt 0:00:33]} Be7 {[%emt 0:02:46]} 35. Bh2 {[%emt 0:01:15]} Bf6 {[%emt 0:04:42]} 36. Bg3 {[%emt 0:03:39]} Re7 {[%emt 0:00:33]} 37. Qd2 {[%emt 0:00:37]} Qe8 {[%emt 0:00:27]} 38. g5 {[%emt 0:03:29]} Re2 {[%emt 0:00:27]} 39. Qc1 {[%emt 0:00:26]} Bd8 {[%emt 0:05:02]} 40. Rd2 {[%emt 0:02:33]} Rxd2 {[%emt 0:00:11]} 0-1